000 01044nam a2200325 a 4500
001 vtls000185163
003 NLI
005 20210602111235.0
008 101125s1978 ii 001 0 eng
020 _cRs. 42.00
039 9 _y201011252221
_zVLOAD
040 _aNLI
_beng
_cDatasoft 1
_eAACR2
041 0 _aeng
044 _aii
082 0 4 _a333.630954
100 1 _aSen, Sushanta Kumar
_9352221
245 1 4 _aThe West Bengal Premises Tenancy Act, 1956 /
_cby Sushanta Kumar Sen
250 _a7th ed.
260 _aCalcutta :
_bEastern Law House,
_c1978
300 _axxxix, 517 p. ;
_c22 cm.
500 _aIncludes index
650 0 _aRent control
_zIndia
_zWest Bengal
_9352222
710 1 _aWest Bengal (India).
_kLaws, etc
_9352883
887 _a
901 _aDB34834
_b14.09.1978
902 _aE 333.630954 Se 55 (3)
942 _2ddc
_cBKS
949 _AVIRTUAITEM
_D10000
_X100
_6DBA000034834ENG
_9.
999 _aVIRTUA40
_c190672
_d190672
999 _aVTLSSORT0080*0200*0400*0410*0440*0820*1000*2450*2500*2600*3000*5000*6500*7100*9010*9020*9490*9991